000 00475nam a2200157Ia 4500
008 160316s9999 xxu||||| |||| 00| 0 eng d
082 _a364.153400
_bCAM
100 _a
245 _aInternational conference on combating human trafficking with special reference to women and children
250 _a
260 _aDelhi
_bCampus Law Centre, University of Delhi
_c0
300 _a189
_b
_c
365 _b
650 _a1. Human trafficking - women - children
700 _a
_a
999 _c39333
_d39333